000 00410nam a2200145Ia 4500
008 100204s9999 xx 000 0 und d
082 _b17674
100 _aसाठे माया
245 _aअंबा
260 _b"बांदोडकर पब्लिशिंग हाऊस, गोवा"
_c1994
300 _a180
630 _aअंबा
730 _aअंबा
942 _cBOOK
999 _c462097
_d462094